A abolição do comércio brasileiro de escravos : (Record no. 1237)

MARC details
000 -LÍDER
Campo Fixo de Controle 01167nam a2200289 a 4500
001 - NÚMERO DE CONTROLE
Campo de Controle 1237
003 - IDENTIFICAÇÃO DO NÚMERO DE CONTROLE
Campo de Controle BR-CuiBMT
005 - DATA E HORA DA ÚLTIMA ATUALIZAÇÃO
Campo de Controle 20231201200330.0
008 - DADOS FIXOS
Dados Fixos 231201s2002 dfba 001 0 por d
020 ## - INTERNATIONAL STANDARD BOOK NUMBER
Nº do ISBN 9788570182753
040 ## - AGÊNCIA CATALOGADORA
Código da Agência Catalogadora BR-CuiBMT
Agência que transcreveu o registro BR-CuiBMT
041 1# - CÓDIGO DO IDIOMA
Código do Idioma por
Idioma original eng
080 ## - Nº DA CLASSIFICAÇÃO DECIMAL UNIVERSAL
Nº Class. CDU 94
Subd. Auxiliar Comum (81).063
Nº edição CDU 2007
090 ## - NÚMERO DE CHAMADA
Nº classificação 94(81).063
Cutter B562a
100 10 - ENTRADA PRINCIPAL -- AUTOR PESSOAL
Nome pessoal Bethell, Leslie
240 14 - TÍTULO UNIFORME/ORIGINAL
Título original The abolition of the Brazilian slave trade : Britain, Brazil and the slave trade question : 1807-1869.
245 12 - TÍTULO PRINCIPAL
Título principal A abolição do comércio brasileiro de escravos :
Subtítulo Grã-Bretanha, o Brasil e a questão do comércio de escravos, 1807-1869 /
Indicação de responsabilidade Leslie Bethell ; tradução de Luís A. P. Souto Maior.
260 ## - PUBLICAÇÃO, DISTRIBUIÇÃO, ETC.
Local de publicação Brasília :
Editora Senado Federal,
Data 2002.
300 ## - DESCRIÇÃO FÍSICA
N. páginas ou volumes 475 p. ;
Dimensões 23 cm
490 1# - INDICAÇÃO DE SÉRIE
Título da série Coleção biblioteca básica brasileira ;
500 ## - NOTAS GERAIS
Notas gerais Subtítulo retirado da capa e da falsa folha de rosto.<br/>
504 ## - NOTA DE BIBLIOGRAFIA, ETC.
Nota de bibliografia Inclui bibliografia e índice.
650 ## - ASSUNTO TÓPICO
Cabeçalho tópico ou nome geográfico Tráfico de escravos (1549-1850)
Subdivisão geral Abolicionismo
650 ## - ASSUNTO TÓPICO
Cabeçalho tópico ou nome geográfico Abolicionismo
Subdivisão geral História
-- Independência, 1822
Subdivisão geográfica Brasil
Subdivisão cronológica (1630-1888)
830 #0 - ENTRADA SECUNDÁRIA DE SÉRIE -- TÍTULO UNIFORME
Título uniforme Biblioteca Básica Brasileira
942 ## - ELEMENTOS DE ENTRADA ADICIONAIS (KOHA)
Fonte de classificação ou esquema de arquivamento Classificação Decimal Universal
Tipo de item do Koha Livros
Holdings
Estado: removido Estado: perdido Fonte de classificação ou esquema de arquivamento Estado: danificado Indisponível para empréstimo Localização permanente Localização atual Data de aquisição Total Checkouts Número de Chamada completo Código de barras Date last seen Número do exemplar Preço efetivo a partir de Tipo de item (Koha)
    Classificação Decimal Universal     Biblioteca da Escola Superior de Contas do TCE/MT Biblioteca da Escola Superior de Contas do TCE/MT 01/12/2023   94(81).063 B562a BIBTCEMT23120039 01/12/2023 Ex. 1 01/12/2023 Livros

Powered by Koha